[Event "British Rapidplay Championship 2023"]
[Site "Mercure Bradford, Bankfield Hotel"]
[Date "2023.04.16"]
[Round "9.25"]
[White "Kryshtafor, Maksym"]
[Black "De Silva, Sithun"]
[Result "1-0"]
[TimeControl "All moves in 15 minutes plus 10 second increment per move from move 1"]
[WhiteElo "1667"]
[BlackElo "1507"]

1. e4 {[%clk 00:15:19]} e6 {[%clk 00:15:18]} {[%emt 00:00:02]} 2. d4 {[%clk
00:15:27]} {[%emt 00:00:13]} d5 {[%clk 00:15:27]} {[%emt 00:00:02]} 3. Nc3
{[%clk 00:15:36]} {[%emt 00:00:13]} Nf6 {[%clk 00:15:04]} {[%emt 00:01:15]} 4.
e5 {[%clk 00:15:39]} {[%emt 00:00:07]} Nfd7 {[%clk 00:15:12]} 5. Nf3 {[%clk
00:15:39]} {[%emt 00:00:05]} c5 {[%clk 00:15:17]} {[%emt 00:00:02]} 6. Be3
{[%clk 00:15:39]} {[%emt 00:00:04]} Qb6 {[%clk 00:14:58]} {[%emt 00:00:18]} 7.
a3 {[%clk 00:15:35]} {[%emt 00:00:10]} Nc6 {[%clk 00:14:56]} {[%emt 00:00:06]}
8. Rb1 {[%clk 00:15:26]} {[%emt 00:00:10]} a6 {[%clk 00:13:04]} {[%emt
00:01:33]} 9. dxc5 {[%clk 00:14:49]} {[%emt 00:00:46]} Bxc5 {[%clk 00:09:58]}
{[%emt 00:03:17]} 10. Bxc5 {[%clk 00:13:55]} {[%emt 00:01:04]} Qxc5 {[%clk
00:09:21]} {[%emt 00:00:44]} 11. Qe2 {[%clk 00:13:36]} {[%emt 00:00:30]} Qa5
{[%clk 00:08:21]} {[%emt 00:01:10]} 12. Qe3 {[%clk 00:13:15]} {[%emt 00:00:34]}
h6 {[%clk 00:07:38]} {[%emt 00:00:53]} 13. Bd3 {[%clk 00:11:46]} {[%emt
00:01:39]} d4 {[%clk 00:06:11]} {[%emt 00:01:35]} 14. Nxd4 {[%clk 00:11:46]}
{[%emt 00:00:10]} Nxd4 {[%clk 00:06:19]} {[%emt 00:00:03]} 15. Qxd4 {[%clk
00:11:53]} {[%emt 00:00:03]} Qxe5+ {[%clk 00:06:27]} {[%emt 00:00:02]} 16. Qxe5
{[%clk 00:12:00]} {[%emt 00:00:04]} Nxe5 {[%clk 00:06:35]} {[%emt 00:00:02]} 17.
Be4 {[%clk 00:11:58]} {[%emt 00:00:11]} f5 {[%clk 00:05:56]} {[%emt 00:00:50]}
18. Bd3 {[%clk 00:11:54]} {[%emt 00:00:13]} Nxd3+ {[%clk 00:06:03]} {[%emt
00:00:04]} 19. cxd3 {[%clk 00:12:02]} {[%emt 00:00:02]} Bd7 {[%clk 00:05:54]}
{[%emt 00:00:17]} 20. Kd2 {[%clk 00:12:02]} {[%emt 00:00:11]} Kf7 {[%clk
00:05:45]} {[%emt 00:00:15]} 21. Rbd1 {[%clk 00:11:57]} {[%emt 00:00:19]} Bc6
{[%clk 00:05:50]} {[%emt 00:00:05]} 22. f3 {[%clk 00:12:02]} {[%emt 00:00:05]}
Rad8 {[%clk 00:05:57]} {[%emt 00:00:03]} 23. Kc2 {[%clk 00:12:07]} {[%emt
00:00:05]} Rhe8 {[%clk 00:05:41]} {[%emt 00:00:26]} 24. Rhe1 {[%clk 00:12:07]}
{[%emt 00:00:09]} Bd5 {[%clk 00:04:50]} {[%emt 00:01:02]} 25. Re5 {[%clk
00:12:10]} {[%emt 00:00:17]} Bc6 {[%clk 00:04:39]} {[%emt 00:00:31]} 26. d4
{[%clk 00:12:06]} {[%emt 00:00:14]} Rd6 {[%clk 00:04:16]} {[%emt 00:00:30]} 27.
b4 {[%clk 00:11:21]} {[%emt 00:00:57]} Rc8 {[%clk 00:03:49]} {[%emt 00:00:36]}
28. Kb2 {[%clk 00:10:41]} {[%emt 00:00:51]} b5 {[%clk 00:03:29]} {[%emt
00:00:30]} 29. Rc5 {[%clk 00:10:25]} {[%emt 00:00:25]} Bb7 {[%clk 00:03:15]}
{[%emt 00:00:24]} 30. Rc1 {[%clk 00:08:58]} {[%emt 00:01:38]} Rxd4 {[%clk
00:00:56]} {[%emt 00:02:30]} 31. Rxc8 {[%clk 00:08:55]} {[%emt 00:00:12]} Bxc8
{[%clk 00:01:03]} {[%emt 00:00:04]} 32. Nxb5 {[%clk 00:08:54]} {[%emt
00:00:10]} axb5 {[%clk 00:01:06]} {[%emt 00:00:08]} 33. Rxc8 {[%clk 00:09:01]}
{[%emt 00:00:03]} Rd2+ {[%clk 00:01:12]} {[%emt 00:00:03]} 34. Rc2 {[%clk
00:09:02]} {[%emt 00:00:09]} Rd5 {[%clk 00:01:09]} {[%emt 00:00:08]} 35. Kb3
{[%clk 00:08:55]} {[%emt 00:00:22]} Ke7 {[%clk 00:00:44]} {[%emt 00:00:35]} 36.
Rc7+ {[%clk 00:08:36]} {[%emt 00:00:30]} Rd7 {[%clk 00:00:50]} {[%emt
00:00:01]} 37. Rc5 {[%clk 00:08:40]} {[%emt 00:00:08]} Rd3+ {[%clk 00:00:52]}
{[%emt 00:00:06]} 38. Rc3 {[%clk 00:08:39]} {[%emt 00:00:13]} Rxc3+ {[%clk
00:00:56]} {[%emt 00:00:07]} 39. Kxc3 {[%clk 00:08:46]} {[%emt 00:00:03]} Kd6
{[%clk 00:01:02]} {[%emt 00:00:04]} 40. Kb3 {[%clk 00:08:45]} {[%emt 00:00:11]}
e5 {[%clk 00:01:06]} {[%emt 00:00:06]} 41. a4 {[%clk 00:08:48]} {[%emt
00:00:07]} bxa4+ {[%clk 00:00:42]} {[%emt 00:00:34]} 42. Kxa4 {[%clk 00:08:56]}
{[%emt 00:00:02]} e4 {[%clk 00:00:43]} {[%emt 00:00:08]} 43. fxe4 {[%clk
00:09:01]} {[%emt 00:00:05]} fxe4 {[%clk 00:00:50]} {[%emt 00:00:03]} 44. Kb3
{[%clk 00:09:09]} {[%emt 00:00:02]} g6 {[%clk 00:00:37]} {[%emt 00:00:23]} 45.
Kc4 {[%clk 00:09:16]} {[%emt 00:00:03]} Ke5 {[%clk 00:00:12]} {[%emt 00:00:36]}
46. b5 {[%clk 00:09:23]} {[%emt 00:00:03]} e3 {[%clk 00:00:19]} {[%emt
00:00:02]} 47. Kd3 {[%clk 00:09:32]} {[%emt 00:00:02]} e2 {[%clk 00:00:28]}
{[%emt 00:00:01]} 48. Kxe2 {[%clk 00:09:40]} {[%emt 00:00:02]} Kd5 {[%clk
00:00:37]} 49. Ke3 {[%clk 00:09:49]} Kc5 {[%clk 00:00:46]} 50. Ke4 {[%clk
00:09:58]} Kxb5 {[%clk 00:00:55]} 51. Ke5 {[%clk 00:10:07]} {[%emt 00:00:02]}
Kc4 {[%clk 00:01:01]} {[%emt 00:00:03]} 52. Kf6 {[%clk 00:10:16]} {[%emt
00:00:02]} g5 {[%clk 00:01:08]} {[%emt 00:00:03]} 53. Kg6 {[%clk 00:10:24]}
{[%emt 00:00:01]} Kd4 {[%clk 00:01:17]} {[%emt 00:00:02]} 54. Kxh6 {[%clk
00:10:32]} {[%emt 00:00:02]} g4 {[%clk 00:01:25]} {[%emt 00:00:02]} 55. Kg5
{[%clk 00:10:41]} Kd5 {[%clk 00:15:10]} {[%emt 00:00:06]} 1-0

[Event "British Rapidplay Championship 2023"]
[Site "Mercure Bradford, Bankfield Hotel"]
[Date "2023.04.16"]
[Round "9.26"]
[White "Holliday, John K"]
[Black "Weldon, James"]
[Result "1-0"]
[TimeControl "All moves in 15 minutes plus 10 second increment per move from move 1"]
[WhiteElo "1832"]
[BlackElo "1455"]

1. e4 {[%clk 00:15:17]} {[%emt 00:00:11]} c5 {[%clk 00:15:10]} {[%emt
00:00:47]} 2. Nf3 {[%clk 00:15:25]} {[%emt 00:00:01]} d6 {[%clk 00:15:16]}
{[%emt 00:00:09]} 3. d4 {[%clk 00:15:33]} {[%emt 00:00:14]} Nc6 {[%clk
00:15:22]} {[%emt 00:00:03]} 4. dxc5 {[%clk 00:14:52]} {[%emt 00:00:49]} dxc5
{[%clk 00:14:12]} {[%emt 00:00:47]} 5. Qxd8+ {[%clk 00:14:55]} {[%emt
00:00:04]} Nxd8 {[%clk 00:14:20]} 6. Bb5+ {[%clk 00:14:57]} {[%emt 00:00:01]}
Nc6 {[%clk 00:14:24]} 7. Ne5 {[%clk 00:14:56]} {[%emt 00:00:02]} Bd7 {[%clk
00:14:25]} {[%emt 00:00:09]} 8. Nxd7 {[%clk 00:15:04]} {[%emt 00:00:02]} Kxd7
{[%clk 00:14:33]} {[%emt 00:00:02]} 9. O-O {[%clk 00:15:11]} {[%emt 00:00:03]}
e6 {[%clk 00:14:34]} {[%emt 00:00:08]} 10. Bf4 {[%clk 00:15:04]} {[%emt
00:00:18]} f6 {[%clk 00:14:15]} {[%emt 00:00:29]} 11. Rd1+ {[%clk 00:14:56]}
{[%emt 00:00:18]} Ke8 {[%clk 00:14:12]} {[%emt 00:00:13]} 12. Nc3 {[%clk
00:14:47]} {[%emt 00:00:19]} e5 {[%clk 00:14:20]} {[%emt 00:00:02]} 13. Be3
{[%clk 00:14:54]} {[%emt 00:00:02]} a6 {[%clk 00:14:24]} {[%emt 00:00:06]} 14.
Bxc6+ {[%clk 00:14:36]} {[%emt 00:00:29]} bxc6 {[%clk 00:14:32]} {[%emt
00:00:02]} 15. Na4 {[%clk 00:14:37]} {[%emt 00:00:09]} Rb8 {[%clk 00:13:43]}
{[%emt 00:01:00]} 16. b3 {[%clk 00:14:14]} {[%emt 00:00:33]} Nh6 {[%clk
00:13:46]} {[%emt 00:00:06]} 17. Bxc5 {[%clk 00:13:56]} {[%emt 00:00:28]} Bxc5
{[%clk 00:13:51]} {[%emt 00:00:05]} 18. Nxc5 {[%clk 00:14:05]} {[%emt
00:00:02]} a5 {[%clk 00:13:58]} {[%emt 00:00:04]} 19. Rd6 {[%clk 00:14:09]}
{[%emt 00:00:05]} Rc8 {[%clk 00:13:45]} {[%emt 00:00:23]} 20. Rad1 {[%clk
00:14:17]} {[%emt 00:00:02]} Kf7 {[%clk 00:13:53]} {[%emt 00:00:02]} 21. Nb7
{[%clk 00:13:25]} {[%emt 00:01:02]} Kg6 {[%clk 00:13:49]} {[%emt 00:00:13]} 22.
Nxa5 {[%clk 00:13:26]} {[%emt 00:00:10]} Nf7 {[%clk 00:13:57]} {[%emt
00:00:03]} 23. Rxc6 {[%clk 00:13:33]} {[%emt 00:00:03]} Rxc6 {[%clk 00:14:05]}
{[%emt 00:00:01]} 24. Nxc6 {[%clk 00:13:41]} {[%emt 00:00:02]} Rc8 {[%clk
00:14:13]} {[%emt 00:00:02]} 25. Nb4 {[%clk 00:13:47]} {[%emt 00:00:05]} Ng5
{[%clk 00:14:20]} {[%emt 00:00:02]} 26. f3 {[%clk 00:13:53]} {[%emt 00:00:04]}
Ne6 {[%clk 00:14:27]} {[%emt 00:00:03]} 27. c4 {[%clk 00:13:14]} {[%emt
00:00:49]} Nd4 {[%clk 00:14:35]} {[%emt 00:00:02]} 28. Kf2 {[%clk 00:13:13]}
{[%emt 00:00:12]} Rb8 {[%clk 00:14:43]} {[%emt 00:00:01]} 29. Nd5 {[%clk
00:13:13]} {[%emt 00:00:10]} Ra8 {[%clk 00:14:49]} {[%emt 00:00:03]} 30. Rd2
{[%clk 00:13:03]} {[%emt 00:00:21]} h5 {[%clk 00:14:53]} {[%emt 00:00:07]} 31.
Nb6 {[%clk 00:12:53]} {[%emt 00:00:20]} Rb8 {[%clk 00:14:59]} {[%emt 00:00:03]}
32. c5 {[%clk 00:12:56]} {[%emt 00:00:08]} Kg5 {[%clk 00:14:22]} {[%emt
00:00:46]} 33. b4 {[%clk 00:12:53]} {[%emt 00:00:14]} Kf4 {[%clk 00:14:29]}
{[%emt 00:00:01]} 34. h4 {[%clk 00:12:46]} {[%emt 00:00:17]} Nxf3 {[%clk
00:14:04]} {[%emt 00:00:35]} 35. gxf3 {[%clk 00:12:52]} {[%emt 00:00:04]} g5
{[%clk 00:14:11]} {[%emt 00:00:03]} 36. Nd5# {[%clk 00:12:39]} {[%emt
00:00:23]} 1-0

[Event "British Rapidplay Championship 2023"]
[Site "Mercure Bradford, Bankfield Hotel"]
[Date "2023.04.16"]
[Round "9.27"]
[White "Singh, Adamjeet"]
[Black "McLean, Rory R"]
[Result "0-1"]
[TimeControl "All moves in 15 minutes plus 10 second increment per move from move 1"]
[WhiteElo "1213"]
[BlackElo "1626"]

1. d4 {[%clk 00:15:17]} {[%emt 00:00:02]} d5 {[%clk 00:15:17]} {[%emt
00:00:15]} 2. c4 {[%clk 00:15:25]} {[%emt 00:00:14]} e6 {[%clk 00:15:25]}
{[%emt 00:00:03]} 3. Nc3 {[%clk 00:15:34]} {[%emt 00:00:15]} Nf6 {[%clk
00:15:32]} {[%emt 00:00:01]} 4. Bg5 {[%clk 00:15:42]} {[%emt 00:00:07]} Be7
{[%clk 00:15:40]} {[%emt 00:00:02]} 5. Nf3 {[%clk 00:15:51]} {[%emt 00:00:13]}
O-O {[%clk 00:15:46]} {[%emt 00:00:03]} 6. e3 {[%clk 00:15:57]} {[%emt
00:00:13]} Nbd7 {[%clk 00:15:51]} {[%emt 00:00:04]} 7. Bd3 {[%clk 00:16:01]}
{[%emt 00:00:13]} b6 {[%clk 00:15:46]} {[%emt 00:00:11]} 8. O-O {[%clk
00:15:58]} {[%emt 00:00:05]} Bb7 {[%clk 00:15:48]} {[%emt 00:00:03]} 9. Rc1
{[%clk 00:16:01]} {[%emt 00:00:03]} dxc4 {[%clk 00:15:49]} {[%emt 00:00:05]} 10.
Bxc4 {[%clk 00:16:07]} {[%emt 00:00:01]} c5 {[%clk 00:15:53]} {[%emt 00:00:05]}
11. Bb5 {[%clk 00:15:56]} {[%emt 00:00:15]} Rc8 {[%clk 00:15:48]} {[%emt
00:00:09]} 12. Bxd7 {[%clk 00:15:52]} {[%emt 00:00:07]} Nxd7 {[%clk 00:15:54]}
{[%emt 00:00:02]} 13. Bxe7 {[%clk 00:15:58]} {[%emt 00:00:03]} Qxe7 {[%clk
00:15:57]} {[%emt 00:00:02]} 14. Qe2 {[%clk 00:15:38]} {[%emt 00:00:11]} Rfd8
{[%clk 00:15:57]} {[%emt 00:00:11]} 15. Rfd1 {[%clk 00:15:43]} {[%emt
00:00:04]} h6 {[%clk 00:15:49]} {[%emt 00:00:17]} 16. h3 {[%clk 00:15:44]}
{[%emt 00:00:09]} Qf6 {[%clk 00:15:53]} {[%emt 00:00:07]} 17. Nb5 {[%clk
00:14:54]} {[%emt 00:01:00]} Ba6 {[%clk 00:13:44]} {[%emt 00:02:20]} 18. a4
{[%clk 00:14:31]} {[%emt 00:00:32]} Qg6 {[%clk 00:12:33]} {[%emt 00:01:20]} 19.
Qd2 {[%clk 00:13:52]} {[%emt 00:00:50]} Bb7 {[%clk 00:12:04]} {[%emt 00:00:40]}
20. Qe2 {[%clk 00:13:56]} {[%emt 00:00:04]} Nf6 {[%clk 00:11:29]} {[%emt
00:00:45]} 21. dxc5 {[%clk 00:13:17]} {[%emt 00:00:47]} Rxd1+ {[%clk 00:11:20]}
{[%emt 00:00:20]} 22. Qxd1 {[%clk 00:13:08]} {[%emt 00:00:16]} a6 {[%clk
00:10:27]} {[%emt 00:01:07]} 23. Nd6 {[%clk 00:13:13]} {[%emt 00:00:04]} Rd8
{[%clk 00:09:41]} {[%emt 00:00:56]} 24. Qf1 {[%clk 00:12:22]} {[%emt 00:01:01]}
Bxf3 {[%clk 00:08:39]} {[%emt 00:01:13]} 25. Nc4 {[%clk 00:12:01]} {[%emt
00:00:31]} Bb7 {[%clk 00:07:38]} {[%emt 00:01:12]} 26. Ne5 {[%clk 00:12:03]}
{[%emt 00:00:07]} Qe4 {[%clk 00:07:13]} {[%emt 00:00:33]} 27. Nc4 {[%clk
00:11:37]} {[%emt 00:00:39]} bxc5 {[%clk 00:07:04]} {[%emt 00:00:19]} 0-1

[Event "British Rapidplay Championship 2023"]
[Site "Mercure Bradford, Bankfield Hotel"]
[Date "2023.04.16"]
[Round "9.28"]
[White "Manavalan, Keerthi Kumar"]
[Black "Bowmer, James"]
[Result "1-0"]
[TimeControl "All moves in 15 minutes plus 10 second increment per move from move 1"]
[WhiteElo "1419"]
[BlackElo "1531"]

1. e4 {[%clk 00:15:18]} {[%emt 00:00:01]} d5 {[%clk 00:15:18]} {[%emt
00:00:13]} 2. exd5 {[%clk 00:15:25]} {[%emt 00:00:16]} Nf6 {[%clk 00:15:26]}
{[%emt 00:00:02]} 3. Nf3 {[%clk 00:15:18]} {[%emt 00:00:54]} Qxd5 {[%clk
00:15:24]} {[%emt 00:00:18]} 4. Nc3 {[%clk 00:15:07]} {[%emt 00:00:14]} Qd6
{[%clk 00:15:32]} 5. h3 {[%clk 00:15:03]} {[%emt 00:00:06]} Nc6 {[%clk
00:15:37]} {[%emt 00:00:04]} 6. Bc4 {[%clk 00:14:07]} {[%emt 00:00:40]} a6
{[%clk 00:15:27]} {[%emt 00:00:09]} 7. a4 {[%clk 00:13:45]} {[%emt 00:00:12]}
Be6 {[%clk 00:14:52]} {[%emt 00:00:44]} 8. Bxe6 {[%clk 00:12:44]} {[%emt
00:01:12]} Qxe6+ {[%clk 00:15:00]} {[%emt 00:00:03]} 9. Ne2 {[%clk 00:12:09]}
{[%emt 00:00:45]} O-O-O {[%clk 00:14:56]} {[%emt 00:00:14]} 10. d3 {[%clk
00:11:20]} {[%emt 00:00:58]} h6 {[%clk 00:14:56]} {[%emt 00:00:10]} 11. O-O
{[%clk 00:10:58]} {[%emt 00:00:31]} g6 {[%clk 00:11:43]} {[%emt 00:03:25]} 12.
Be3 {[%clk 00:10:59]} {[%emt 00:00:09]} Nd5 {[%clk 00:11:19]} {[%emt 00:00:33]}
13. Bd2 {[%clk 00:10:23]} {[%emt 00:00:46]} Bg7 {[%clk 00:11:11]} {[%emt
00:00:18]} 14. c4 {[%clk 00:09:52]} {[%emt 00:00:42]} Nb6 {[%clk 00:10:40]}
{[%emt 00:00:41]} 15. Nf4 {[%clk 00:08:43]} {[%emt 00:01:19]} Qf5 {[%clk
00:09:32]} {[%emt 00:01:17]} 16. a5 {[%clk 00:07:57]} {[%emt 00:00:57]} Nd7
{[%clk 00:09:20]} {[%emt 00:00:22]} 17. b4 {[%clk 00:07:27]} {[%emt 00:00:40]}
Bxa1 {[%clk 00:08:43]} {[%emt 00:00:47]} 18. Qxa1 {[%clk 00:07:32]} {[%emt
00:00:05]} Nde5 {[%clk 00:08:13]} {[%emt 00:00:40]} 19. Nxe5 {[%clk 00:07:09]}
{[%emt 00:00:33]} Nxe5 {[%clk 00:07:51]} {[%emt 00:00:32]} 20. Nd5 {[%clk
00:06:07]} {[%emt 00:01:13]} Qd7 {[%clk 00:06:31]} {[%emt 00:01:27]} 21. Qxe5
{[%clk 00:06:09]} {[%emt 00:00:11]} e6 {[%clk 00:06:07]} {[%emt 00:00:35]} 22.
Nf6 {[%clk 00:04:06]} {[%emt 00:02:13]} Qd5 {[%emt 00:00:47]} 23. d4 Qxd4
{[%clk 00:05:29]} 24. Bf4 {[%clk 00:03:56]} {[%emt 00:00:19]} Qxc4 {[%clk
00:04:43]} {[%emt 00:00:58]} 25. Rc1 {[%clk 00:03:59]} {[%emt 00:00:06]} Qxc1+
{[%clk 00:03:40]} {[%emt 00:01:12]} 26. Bxc1 {[%clk 00:04:05]} {[%emt
00:00:03]} Rd1+ {[%clk 00:03:49]} {[%emt 00:00:03]} 27. Kh2 {[%clk 00:04:10]}
{[%emt 00:00:05]} Rxc1 {[%clk 00:03:56]} {[%emt 00:00:03]} 28. b5 {[%clk
00:03:12]} {[%emt 00:01:08]} axb5 {[%clk 00:03:16]} {[%emt 00:00:50]} 29. Qxb5
{[%clk 00:03:18]} {[%emt 00:00:04]} Rd8 {[%clk 00:03:17]} {[%emt 00:00:07]} 30.
a6 {[%clk 00:02:59]} {[%emt 00:00:30]} bxa6 {[%clk 00:03:10]} {[%emt 00:00:18]}
31. Qxa6+ {[%clk 00:03:06]} {[%emt 00:00:03]} Kb8 {[%clk 00:03:17]} {[%emt
00:00:03]} 32. Qb5+ {[%clk 00:02:29]} {[%emt 00:00:47]} Kc8 {[%clk 00:03:03]}
{[%emt 00:00:24]} 33. Qa5 {[%clk 00:02:17]} {[%emt 00:00:21]} Rb1 {[%clk
00:02:46]} {[%emt 00:00:27]} 34. Qa8+ {[%clk 00:01:54]} {[%emt 00:00:33]} Rb8
{[%clk 00:02:54]} {[%emt 00:00:03]} 35. Qa6+ {[%clk 00:01:59]} {[%emt
00:00:04]} Rb7 {[%clk 00:02:58]} {[%emt 00:00:06]} 36. Ng4 {[%clk 00:01:35]}
{[%emt 00:00:35]} Rd6 {[%clk 00:02:40]} {[%emt 00:00:27]} 37. Qa4 {[%clk
00:01:36]} {[%emt 00:00:08]} c5 {[%clk 00:02:01]} {[%emt 00:00:51]} 38. Nxh6
{[%clk 00:01:24]} {[%emt 00:00:22]} Rc7 {[%clk 00:01:22]} {[%emt 00:00:48]} 39.
Nxf7 {[%clk 00:01:18]} {[%emt 00:00:15]} Rxf7 {[%clk 00:01:15]} {[%emt
00:00:18]} 40. Qe8+ {[%clk 00:01:26]} {[%emt 00:00:02]} Kc7 {[%clk 00:01:15]}
{[%emt 00:00:10]} 41. Qxf7+ {[%clk 00:01:34]} {[%emt 00:00:02]} Kc6 {[%clk
00:01:22]} {[%emt 00:00:02]} 42. Qxg6 {[%clk 00:01:40]} {[%emt 00:00:04]} c4
{[%clk 00:01:30]} {[%emt 00:00:03]} 43. Qe4+ {[%clk 00:01:41]} {[%emt
00:00:09]} Kc5 {[%clk 00:01:23]} {[%emt 00:00:18]} 44. Qe3+ {[%clk 00:01:31]}
{[%emt 00:00:18]} Kb4 {[%clk 00:01:27]} {[%emt 00:00:07]} 45. Qf4 {[%clk
00:01:15]} {[%emt 00:00:25]} Rc6 {[%clk 00:01:16]} {[%emt 00:00:16]} 46. Qb8+
{[%clk 00:01:22]} {[%emt 00:00:09]} Kc3 {[%clk 00:01:14]} {[%emt 00:00:12]} 47.
h4 {[%clk 00:01:24]} {[%emt 00:00:07]} Rc5 {[%clk 00:01:04]} {[%emt 00:00:20]}
48. Qh8+ {[%clk 00:01:17]} {[%emt 00:00:17]} Kd3 {[%clk 00:01:04]} {[%emt
00:00:11]} 49. h5 {[%clk 00:01:16]} {[%emt 00:00:11]} c3 {[%clk 00:01:09]}
{[%emt 00:00:05]} 50. Qd8+ {[%clk 00:01:20]} {[%emt 00:00:06]} Rd5 {[%clk
00:01:14]} {[%emt 00:00:04]} 51. Qxd5+ {[%clk 00:00:37]} {[%emt 00:00:53]} exd5
{[%clk 00:01:16]} {[%emt 00:00:08]} 52. h6 {[%clk 00:00:46]} c2 {[%clk
00:01:25]} {[%emt 00:00:02]} 53. h7 {[%clk 00:00:55]} c1=Q {[%clk 00:01:26]}
{[%emt 00:00:08]} 54. h8=Q {[%clk 00:01:01]} {[%emt 00:00:04]} Qc7+ {[%clk
00:01:10]} {[%emt 00:00:24]} 55. g3 {[%clk 00:00:50]} {[%emt 00:00:23]} Qc2
{[%clk 00:00:55]} {[%emt 00:00:23]} 56. Qh7+ {[%clk 00:00:43]} {[%emt
00:00:18]} Kc3 {[%clk 00:00:53]} {[%emt 00:00:13]} 57. Qc7+ {[%clk 00:00:35]}
{[%emt 00:00:18]} Kd3 {[%clk 00:00:57]} {[%emt 00:00:06]} 58. Qh7+ {[%clk
00:00:32]} {[%emt 00:00:12]} Kc3 {[%clk 00:01:03]} {[%emt 00:00:04]} 59. Qxc2+
{[%clk 00:00:28]} {[%emt 00:00:14]} Kxc2 {[%clk 00:01:11]} {[%emt 00:00:02]} 60.
g4 {[%clk 00:00:37]} d4 {[%clk 00:01:21]} 61. g5 {[%clk 00:00:46]} d3 {[%clk
00:01:30]} 62. g6 {[%clk 00:00:55]} {[%emt 00:00:01]} d2 {[%clk 00:01:39]} 63.
g7 {[%clk 00:01:04]} d1=Q {[%emt 00:00:06]} 64. g8=Q {[%clk 00:01:11]} {[%emt
00:00:02]} Qd6 {[%clk 00:00:21]} {[%emt 00:01:33]} 65. Qg3 {[%clk 00:01:17]}
{[%emt 00:00:03]} Qh6 {[%clk 00:00:15]} {[%emt 00:00:16]} 66. Kg2 {[%clk
00:01:22]} {[%emt 00:00:04]} Kd2 {[%clk 00:00:14]} {[%emt 00:01:05]} 67. f3
{[%clk 00:02:09]} {[%emt 00:00:19]} Qd6 {[%clk 00:00:00]} {[%emt 00:00:15]} 68.
Qxd6+ {[%clk 00:15:10]} {[%emt 00:00:04]} 1-0

[Event "British Rapidplay Championship 2023"]
[Site "Mercure Bradford, Bankfield Hotel"]
[Date "2023.04.16"]
[Round "9.29"]
[White "Convalle, Pietro"]
[Black "Wainwright, Charlie"]
[Result "1/2-1/2"]
[TimeControl "All moves in 15 minutes plus 10 second increment per move from move 1"]
[WhiteElo "1481"]
[BlackElo "1329"]

1. d4 {[%clk 00:15:19]} c5 {[%clk 00:15:15]} {[%emt 00:00:18]} 2. Nf3 {[%clk
00:15:17]} {[%emt 00:00:41]} cxd4 {[%clk 00:15:14]} {[%emt 00:00:30]} 3. Nxd4
{[%clk 00:15:19]} {[%emt 00:00:15]} Nc6 {[%clk 00:15:08]} {[%emt 00:00:11]} 4.
e3 {[%clk 00:15:10]} {[%emt 00:00:08]} d5 {[%clk 00:15:03]} {[%emt 00:00:08]} 5.
Bb5 {[%clk 00:15:05]} {[%emt 00:00:11]} Qc7 {[%clk 00:14:36]} {[%emt 00:00:21]}
6. c3 {[%clk 00:14:37]} {[%emt 00:00:15]} Nf6 {[%clk 00:14:27]} {[%emt
00:00:09]} 7. O-O {[%clk 00:14:03]} {[%emt 00:00:45]} e6 {[%clk 00:14:09]}
{[%emt 00:00:27]} 8. Nd2 {[%clk 00:13:33]} {[%emt 00:00:40]} Bc5 {[%clk
00:14:09]} {[%emt 00:00:10]} 9. b4 {[%clk 00:13:25]} {[%emt 00:00:18]} Bxd4
{[%clk 00:14:07]} {[%emt 00:00:13]} 10. cxd4 {[%clk 00:13:26]} {[%emt
00:00:08]} O-O {[%clk 00:13:50]} {[%emt 00:00:27]} 11. Qc2 {[%clk 00:13:01]}
{[%emt 00:00:35]} a6 {[%clk 00:12:39]} {[%emt 00:01:22]} 12. Be2 {[%clk
00:12:45]} {[%emt 00:00:25]} b5 {[%clk 00:12:43]} {[%emt 00:00:06]} 13. Nf3
{[%clk 00:12:34]} {[%emt 00:00:21]} Qd6 {[%clk 00:11:13]} {[%emt 00:01:40]} 14.
a3 {[%clk 00:12:27]} {[%emt 00:00:18]} Nd7 {[%clk 00:10:43]} {[%emt 00:00:40]}
15. Bd2 {[%clk 00:11:57]} {[%emt 00:00:39]} Nb6 {[%clk 00:10:48]} {[%emt
00:00:05]} 16. Qc5 {[%clk 00:10:06]} {[%emt 00:02:01]} Nc4 {[%clk 00:10:10]}
{[%emt 00:00:48]} 17. Bxc4 {[%clk 00:09:54]} {[%emt 00:00:22]} Qxc5 {[%clk
00:10:15]} {[%emt 00:00:04]} 18. dxc5 {[%clk 00:10:00]} {[%emt 00:00:05]} dxc4
{[%clk 00:10:19]} {[%emt 00:00:05]} 19. Bc3 {[%clk 00:10:00]} {[%emt 00:00:10]}
Bb7 {[%clk 00:10:17]} {[%emt 00:00:13]} 20. Ne5 {[%clk 00:09:29]} {[%emt
00:00:40]} Nxe5 {[%clk 00:09:42]} {[%emt 00:00:45]} 21. Bxe5 {[%clk 00:09:35]}
{[%emt 00:00:05]} Rad8 {[%clk 00:09:44]} {[%emt 00:00:06]} 22. Bd6 {[%clk
00:09:26]} {[%emt 00:00:20]} Rfe8 {[%clk 00:09:41]} {[%emt 00:00:12]} 23. f3
{[%clk 00:09:26]} {[%emt 00:00:09]} f6 {[%clk 00:09:41]} {[%emt 00:00:12]} 24.
Rfc1 {[%clk 00:09:28]} {[%emt 00:00:08]} e5 {[%clk 00:09:23]} {[%emt 00:00:28]}
25. a4 {[%clk 00:09:29]} {[%emt 00:00:09]} Bc6 {[%clk 00:08:45]} {[%emt
00:00:48]} 26. axb5 {[%clk 00:09:07]} {[%emt 00:00:32]} axb5 {[%clk 00:08:37]}
{[%emt 00:00:18]} 1/2-1/2